| 000 | 00730nam a22001577a 4500 | ||
|---|---|---|---|
| 003 | OSt | ||
| 005 | 20160224145504.0 | ||
| 008 | 160224b xxu||||| |||| 00| 0 eng d | ||
| 040 | _cRUA | ||
| 082 | _aAGR SEN 2014 B432 Or.1 | ||
| 100 |
_97433 _aSENG PHORSOHEA ; សេង ភ័ស្តភា |
||
| 245 | _aEconomic efficiency of blace pepper production in kampong trach distric, kampot province , ប្រសិទ្ធភាពសេដ្ឋកិច្ចនៃផលិតកម្មដំណាំម្រេចរបស់កសិករក្នុងស្រុកកំពង់ត្រាច ខេត្តកំពត | ||
| 260 |
_aPhnom Penh _bRUA _c2014 |
||
| 300 |
_aix ;33p. _bill. _c29cm. |
||
| 942 |
_2ddc _cAGR |
||
| 999 |
_c7019 _d7019 |
||